Agricultural Engineering / (Record no. 185)
[ view plain ]
| 000 -LEADER | |
|---|---|
| fixed length control field | 00298cam a2200121ua 4500 |
| 082 ## - DEWEY DECIMAL CLASSIFICATION NUMBER | |
| Classification number | 630 |
| Item number | OJH/AG |
| 100 ## - MAIN ENTRY--AUTHOR NAME | |
| Personal name | Ojha, T.P. |
| 245 ## - TITLE STATEMENT | |
| Title | Agricultural Engineering / |
| 260 ## - PUBLICATION, DISTRIBUTION, ETC. (IMPRINT) | |
| Place of publication | Thrissur : |
| Name of publisher | Current Books , |
| Year of publication | 1986. |
| 300 ## - PHYSICAL DESCRIPTION | |
| Number of Pages | 638 ; . |
| 650 ## - SUBJECT ADDED ENTRY--TOPICAL TERM | |
| Topical Term | Agricultural Engineering |
| 942 ## - ADDED ENTRY ELEMENTS (KOHA) | |
| Koha item type | Books |
| Withdrawn status | Lost status | Damaged status | Home library | Current library | Date acquired | Full call number | Accession Number | Koha item type |
|---|---|---|---|---|---|---|---|---|
| KAUAET | KAUAET | 07/04/2012 | 630 | 14276 | Books |
